Statistiques concernant 15 principaux pays touchés par Covid-19 - 10 mai

Cliquez ici pour prendre le quiz!

Statistiques générales

  • Ce quiz a été pris 33 fois
  • Le résultat moyen est 16 sur 24

Statistiques - réponses

pays% Correct
Chine
100%
Etats-Unis
100%
Allemagne
97%
Espagne
97%
France
97%
Italie
97%
Royaume-Uni
94%
Brésil
77%
Inde
77%
Russie
77%
Canada
74%
Belgique
71%
Portugal
71%
Iran
68%
Suisse
61%
Irlande
55%
Pays-Bas
52%
Suède
52%
Turquie
42%
Pérou
39%
Singapour
26%
Qatar
19%
Bahreïn
10%
Biélorussie
10%

Distribution des résultats

Percentile par nombre de réponses

% des personnes avec chaque résultat

Votre développement - résultats

Vous n’avez pas pris ce quiz